Conversations with Capote / (Record no. 200468063)

MARC details
000 -LEADER
fixed length control field 01706cam a2200445 i 4500
001 - CONTROL NUMBER
control field 200468063
003 - CONTROL NUMBER IDENTIFIER
control field TR-AnTOB
005 - DATE AND TIME OF LATEST TRANSACTION
control field 20260413110330.0
007 - PHYSICAL DESCRIPTION FIXED FIELD--GENERAL INFORMATION
fixed length control field ta
008 - FIXED-LENGTH DATA ELEMENTS--GENERAL INFORMATION
fixed length control field 260413r19861985nyu b 001 0 eng
010 ## - LIBRARY OF CONGRESS CONTROL NUMBER
LC control number 84027324
020 ## - INTERNATIONAL STANDARD BOOK NUMBER
International Standard Book Number 0452258022
Qualifying information (paperback)
035 ## - SYSTEM CONTROL NUMBER
System control number (CStRLIN)NJPG86-B20005
System control number (NjP)307675-princetondb
System control number (OCoLC)ocm11533206
Canceled/invalid control number (NjP)Voyager307675
Canceled/invalid control number (NjP)Voyager307675
System control number (TR-AnTOB)200468063
040 ## - CATALOGING SOURCE
Original cataloging agency NjP
Language of cataloging eng
Description conventions rda
Transcribing agency NjP
Modifying agency CStRLIN
-- TR-AnTOB
041 0# - LANGUAGE CODE
Language code of text/sound track or separate title İngilizce
050 04 - LIBRARY OF CONGRESS CALL NUMBER
Classification number PS3505.A59
Item number Z6 1986
090 ## - LOCALLY ASSIGNED LC-TYPE CALL NUMBER (OCLC); LOCAL CALL NUMBER (RLIN)
Classification number (OCLC) (R) ; Classification number, CALL (RLIN) (NR) PS3505.A59
Local cutter number (OCLC) ; Book number/undivided call number, CALL (RLIN) Z6 1986
100 1# - MAIN ENTRY--PERSONAL NAME
Personal name Grobel, Lawrence
Relator term author
Relator code aut
Authority record control number or standard number http://id.loc.gov/authorities/names/n84167823
9 (RLIN) 153578
245 10 - TITLE STATEMENT
Title Conversations with Capote /
Statement of responsibility, etc. by Lawrence Grobel ; with a foreword by James A. Michener.
264 #1 - PRODUCTION, PUBLICATION, DISTRIBUTION, MANUFACTURE, AND COPYRIGHT NOTICE
Place of production, publication, distribution, manufacture New York :
Name of producer, publisher, distributor, manufacturer New American Library,
Date of production, publication, distribution, manufacture, or copyright notice 1986.
300 ## - PHYSICAL DESCRIPTION
Extent 244 pages ;
Dimensions 22 cm
336 ## - CONTENT TYPE
Content type term text
Content type code txt
Source rdacontent
337 ## - MEDIA TYPE
Media type term unmediated
Media type code n
Source rdamedia
338 ## - CARRIER TYPE
Carrier type term volume
Carrier type code nc
Source rdacarrier
500 ## - GENERAL NOTE
General note "NAL books."
504 ## - BIBLIOGRAPHY, ETC. NOTE
Bibliography, etc. note Includes bibliographical references and index.
600 10 - SUBJECT ADDED ENTRY--PERSONAL NAME
Personal name Capote, Truman,
Dates associated with a name 1924-1984
Form subdivision Interviews
9 (RLIN) 53170
650 #0 - SUBJECT ADDED ENTRY--TOPICAL TERM
Topical term or geographic name entry element Authors, American
Chronological subdivision 20th century
Form subdivision Interviews
Authority record control number or standard number http://id.loc.gov/authorities/subjects/sh2007101057
9 (RLIN) 153580
655 #7 - INDEX TERM--GENRE/FORM
Genre/form data or focus term Interviews
Source of term lcgft
Authority record control number http://id.loc.gov/authorities/genreForms/gf2014026115
9 (RLIN) 153581
700 1# - ADDED ENTRY--PERSONAL NAME
Personal name Capote, Truman,
Dates associated with a name 1924-1984
Authority record control number or standard number http://id.loc.gov/authorities/names/n79104227
9 (RLIN) 53170
Personal name Michener, James A.
Fuller form of name (James Albert),
Dates associated with a name 1907-1997
Relator term writer of foreword
Relator code wfw
Authority record control number or standard number http://id.loc.gov/authorities/names/n79058583
9 (RLIN) 153429
942 ## - ADDED ENTRY ELEMENTS (KOHA)
Source of classification or shelving scheme Library of Congress Classification
Koha item type Book
Holdings
Withdrawn status Lost status Source of classification or shelving scheme Not for loan Collection code Home library Current library Shelving location Date acquired Source of acquisition Inventory number Total Checkouts Full call number Date last seen Copy number Date shelved Koha item type Public note
    Library of Congress Classification Ödünç Verilemez-Kurumiçi kullanım / Not for loan-For inhouse use Genel Koleksiyon Tıp Fakültesi Medikal Kütüphane Tıp Fakültesi Medikal Kütüphane Genel Koleksiyon / Main Collection 18/03/2026 Bağış / Donation İDE   PS3505.A59 Z6 1986 TıpFaK 13/04/2026 1 13/04/2026 Book Donated by Prof. Dr. Şükrü Cin
Devinim Yazılım Eğitim Danışmanlık tarafından Koha'nın orjinal sürümü uyarlanarak geliştirilip kurulmuştur.